000 01256nam a22002777a 4500
005 20100714145523.0
008 100714t xxu||||| |||| 00| 0 eng d
010 _aENG-96396
020 _a9780198069881
_c350.00
020 _a019806988x
_c350.00
035 _aEN-79929
037 _bDBAD / PUB
040 _adpl
_bEnglish
082 _a891.462
100 _aAlekar, Satish
245 _aCollected plays of Satish Alekar:
_c with introductions by Samik Bandyopadhyay /
_bThe dread departure, Deluge, The Terrorist, Dynasts, Begum Barve, Mickey and the memsahib /
260 _aNew Delhi
_bOxford University Press
_c2010
270 _aYMCA Library Building, Jai Singh Road,
_bNew Delhi
_e110001
300 _a422p., [16]p. of plates :
_c24cm (pbk)
_bill
600 _aAlekar, Satish, 1949-
_vTranslation into English
650 _aMarathi plays
_vTranslation into English
700 _aBandyopadhyay, Samik
942 _adpl
_cEN
_2ddc
_mALE
_h891.462
999 _c36939
_d36939